Equipos de LaLiga 24/25 - Estadísticas

Estadísticas generales
  • Esta prueba ha sido intentada 142 veces
    16 desde el último reinicio
  • La puntuación promedio es 18 de 20
Estadísticas de respuestas
Equipo % Correcto
Atlético Madrid
100%
Barcelona
100%
Real Betis
100%
Real Madrid
100%
Sevilla
100%
Valencia
100%
Celta Vigo
92%
Espanyol
92%
Girona FC
92%
Rayo Vallecano
92%
Real Sociedad
92%
Athletic Club
85%
Deportivo Alavés
85%
Getafe
85%
Mallorca
85%
Osasuna
85%
Real Valladolid
85%
Villarreal
85%
Las Palmas
77%
Leganés
77%
No se encontraron pruebas coincidentes
Distribución de puntuación
Porcentaje de gente con cada puntuación
Porcentaje por número respondido
Historial de tus puntuaciones
No has intentado esta prueba desde el último reinicio